[Event "15th TCh-CRO"]
[Site "Sibenik CRO"]
[Date "2006.09.24"]
[Round "3"]
[White "Jovanic,O"]
[Black "Stohl,I"]
[Result "1/2-1/2"]
[WhiteElo "2464"]
[BlackElo "2558"]

1.d4 Nf6 2.c4 e6 3.Nf3 b6 4.Nc3 Bb7 5.Bg5 h6 6.Bh4 Be7 7.Qc2 c5 8.dxc5 bxc5
9.e3 Nc6 10.Rd1 Nb4 11.Qb1 Bxf3 12.gxf3 Nh5 13.Bg3 Nxg3 14.hxg3 Bf6 15.Ne4 Rb8
16.Rd2 Be7 17.Be2 Qc7 18.O-O O-O 19.Rfd1 Rfd8 20.f4 d5 21.a3 dxe4  1/2-1/2

[Event "Vojvodina Quality League m"]
[Site "Sremska Mitrovica SRB"]
[Date "2006.09.25"]
[Round "5"]
[White "Kitic,D"]
[Black "Parezanin,D"]
[Result "1-0"]
[WhiteElo "2244"]
[BlackElo "2300"]

1.d4 Nf6 2.c4 e6 3.Nf3 b6 4.Nc3 Bb7 5.a3 d5 6.cxd5 exd5 7.g3 Nbd7 8.Bg2 Ne4
9.Nxe4 dxe4 10.Ng5 Qe7 11.d5 O-O-O 12.Nxe4 g6 13.O-O Bg7 14.d6 Qe6 15.Ng5 Qc4
16.dxc7  1-0

[Event "15th TCh-CRO"]
[Site "Sibenik CRO"]
[Date "2006.10.02"]
[Round "11"]
[White "Jankovic,A"]
[Black "Lalic,B"]
[Result "1/2-1/2"]
[WhiteElo "2525"]
[BlackElo "2488"]

1.d4 Nf6 2.c4 e6 3.Nf3 b6 4.Nc3 Bb4 5.Bg5 Bb7 6.e3 h6 7.Bh4 Bxc3+ 8.bxc3 d6
9.Nd2 g5 10.Bg3 Nc6 11.c5 dxc5 12.Bb5 a6 13.Be2 Qe7 14.Qa4 Nd5 15.Rc1 b5
16.Qc2 Nb6 17.O-O O-O 18.Nb3 Na4 19.c4 cxd4 20.exd4 bxc4 21.Qxc4 Nb6 22.Qc5 Qxc5
23.Rxc5 Rfc8 24.Rfc1 Nb4 25.a3 N4d5 26.Na5 Rcb8 27.Bxc7 Nxc7 28.Rxc7 Be4
29.f3 Bg6 30.Nc6 Nd5 31.Nxb8 Nxc7 32.Rxc7 Rxb8 33.Bxa6 Kg7 34.Bb7 Rd8 35.Rc4 Rd7
36.Rb4 Rc7 37.a4 Rc1+ 38.Kf2 Rc2+ 39.Kg3 Ra2 40.d5 f5 41.f4 Ra3+ 42.Kf2 exd5
43.Bxd5 gxf4 44.Bc6 Rc3 45.Rb7+ Kf6 46.Rb6 Ke5 47.a5 Ra3 48.a6 Bf7 49.Bb7 Be6
50.Rb4 Ra5 51.h4 Bd5 52.Ke1 Be4 53.Kd2 Ra2+ 54.Kc3  1/2-1/2

[Event "Open"]
[Site "Winterthur SUI"]
[Date "2006.10.08"]
[Round "3"]
[White "Malakhatko,V"]
[Black "Goreskul,A"]
[Result "1-0"]
[WhiteElo "2617"]
[BlackElo "2288"]

1.d4 Nf6 2.c4 e6 3.Nf3 b6 4.Nc3 Bb7 5.a3 Be7 6.d5 d6 7.e4 e5 8.g3 Nbd7 9.Bg2 Nc5
10.Nh4 a5 11.Nf5 Bf8 12.O-O g6 13.Nh6 Nfd7 14.h4 Bg7 15.Bg5 f6 16.Be3 Qe7
17.Nb5 Na6 18.b4 Qf8 19.Ng4 h5 20.Nh2 axb4 21.axb4 Ke7 22.Qb3 Bh6 23.f4 Qg7
24.Bh3 g5 25.fxg5 fxg5 26.hxg5 Bxg5 27.Bxg5+ Qxg5 28.Bxd7 Kxd7 29.Rf7+ Kd8
30.Qf3 Rg8 31.Kh1 h4 32.g4 Qg6 33.Rf1 Re8 34.Qe3 Re7 35.R7f6 Qg7 36.g5 Bc8
37.g6 Bd7 38.Qg5  1-0

[Event "Open"]
[Site "Winterthur SUI"]
[Date "2006.10.11"]
[Round "6"]
[White "Huss,A"]
[Black "Kelecevic,N"]
[Result "1/2-1/2"]
[WhiteElo "2338"]
[BlackElo "2364"]

1.d4 e6 2.c4 Nf6 3.Nf3 b6 4.Nc3 Bb7 5.a3 d5 6.Bg5 Be7 7.Bxf6 Bxf6 8.cxd5 exd5
9.e3 O-O 10.Be2 c5 11.O-O Nc6 12.dxc5 Bxc3 13.bxc3 bxc5 14.Rb1 Rb8 15.Qa4 Qd6
16.Rfd1 Ba8 17.Rxb8 Qxb8 18.Qc2 g6 19.h4 Ne5 20.Rb1 Qe8 21.Nxe5 Qxe5 22.Rb5 Qe7
23.Qb2 Bc6 24.Rb8 Qe5 25.Rxf8+ Kxf8 26.a4 h5 27.Qa3 Qd6 28.a5 Ke7 29.a6 Kd7
30.Qb2 Kc7 31.Bf3 Qf6 32.Qa3  1/2-1/2

[Event "TCh-NED 2006-7"]
[Site "Netherlands NED"]
[Date "2006.10.14"]
[Round "2"]
[White "Sokolov,Iv"]
[Black "De Boer,Sy"]
[Result "1-0"]
[WhiteElo "2652"]
[BlackElo "2353"]

1.d4 Nf6 2.c4 e6 3.Nf3 b6 4.Nc3 Bb7 5.a3 d5 6.cxd5 Nxd5 7.Qc2 Nxc3 8.bxc3 Be7
9.e4 O-O 10.Bd3 c5 11.O-O Qc8 12.Qe2 Ba6 13.Rd1 Bxd3 14.Rxd3 Nd7 15.h4 cxd4
16.cxd4 Qc4 17.Bg5 Bxg5 18.hxg5 Rac8 19.Rad1 Qb5 20.Qe3 f5 21.exf5 Qxf5 22.Re1 Rfe8
23.d5 Nc5 24.Rdd1 Rcd8 25.d6 Qf7 26.Ne5 Qb7 27.g6  1-0

[Event "Autumn Cup"]
[Site "Bucharest ROM"]
[Date "2006.10.17"]
[Round "7"]
[White "Jianu,V"]
[Black "Burnoiu,N1"]
[Result "1-0"]
[WhiteElo "2502"]
[BlackElo "2419"]

1.d4 Nf6 2.c4 e6 3.Nf3 b6 4.Nc3 Bb4 5.Bg5 Bb7 6.Nd2 h6 7.Bh4 c5 8.a3 Bxc3
9.bxc3 d6 10.f3 Nbd7 11.e3 Rc8 12.Bd3 Qe7 13.a4 e5 14.d5 Rb8 15.Qc2 Bc8 16.O-O g5
17.Bf2 a5 18.Rab1 h5 19.Bf5 Ba6 20.h3 Kd8 21.f4 Rg8 22.fxg5 Nxd5 23.cxd5 Qxg5
24.g3 Bxf1 25.Rxf1 Nf6 26.e4 Ke7 27.Qd3 Qh6 28.Nf3 Qf8 29.c4 Qe8 30.Qd1 Rh8
31.Be3 Nh7 32.Kh2 Qg8 33.Qb3 Qe8 34.Nh4 Kd8 35.Qd1 Kc7 36.Qxh5 Nf6 37.Qd1 Qg8
38.Qb3 Nh5 39.Bg4 b5 40.axb5 Nf4 41.Qc3 Kb6 42.Bxc5+ dxc5 43.Qxe5 Rh6  1-0

[Event "WYG14"]
[Site "Batumi GEO"]
[Date "2006.10.20"]
[Round "2"]
[White "Tsatsalashvili,K"]
[Black "Anusca,M"]
[Result "1-0"]
[WhiteElo "2082"]
[BlackElo "1941"]

1.d4 Nf6 2.c4 e6 3.Nf3 b6 4.Nc3 Bb4 5.Bg5 Bb7 6.Nd2 h6 7.Bh4 Bxc3 8.bxc3 d6
9.f3 Nbd7 10.e4 e5 11.Be2 O-O 12.Nf1 Qe8 13.Ne3 Nh5 14.Nf5 f6 15.Bf2 Nf4
16.g3 Ne6 17.O-O Kh7 18.Qd2 Ng5 19.Be3 Qf7 20.d5 Nc5 21.h4 Nh3+ 22.Kg2 Bc8
23.Bxc5 Bxf5 24.exf5 Nf4+ 25.gxf4 bxc5 26.fxe5 fxe5 27.Bd3 Qh5 28.Qf2 Rf6
29.Qg3 Rg8 30.Qg4 Qf7 31.Qg6+ Kh8 32.Qxf7 Rxf7 33.Rab1 Rgf8 34.Rb7 a5 35.h5 a4
36.a3 Rc8 37.Rfb1 Rff8 38.Ra7 Rb8 39.Rxb8 Rxb8 40.Rxa4 Rb3 41.Ra8+  1-0

[Event "TCh-FIN 2006-7"]
[Site "Joensuu FIN"]
[Date "2006.10.21"]
[Round "3"]
[White "Solozhenkin,E"]
[Black "Ivanov,Sergei"]
[Result "1/2-1/2"]
[WhiteElo "2508"]
[BlackElo "2354"]

1.d4 Nf6 2.c4 e6 3.Nf3 b6 4.Nc3 Bb4 5.Qb3 c5 6.a3 Bxc3+ 7.Qxc3 Ne4 8.Qc2 Bb7
9.e3 O-O 10.Bd3 f5 11.O-O d6 12.b3 Nd7 13.Bb2 Rc8 14.Rad1 Ng5 15.Ne1 Qe8
16.d5 Qg6 17.f4 Ne4 18.Bxe4 fxe4 19.dxe6 Qxe6 20.Qd2 Nf6 21.Qxd6 Qxd6 22.Rxd6 Rcd8
23.Rxd8 Rxd8 24.h3 b5 25.g4 bxc4 26.bxc4 Rd1 27.Bxf6 gxf6 28.Ng2 Rxf1+ 29.Kxf1 Ba6
30.f5 Bxc4+ 31.Ke1 Kf7 32.Kd2 Ke7 33.Kc3 Bf7 34.Nf4 Kd6 35.Ne2 Ke5 36.Ng3 Kd5
37.Ne2 Ke5 38.Nf4 Bg8 39.Nh5 Bf7 40.Ng3 Kd5 41.Ne2  1/2-1/2

[Event "WYB14"]
[Site "Batumi GEO"]
[Date "2006.10.25"]
[Round "7"]
[White "Davarashvili,N"]
[Black "Kanarek,M"]
[Result "1-0"]
[WhiteElo "2112"]
[BlackElo "2244"]

1.d4 Nf6 2.c4 e6 3.Nf3 b6 4.Nc3 Bb4 5.Bg5 Bb7 6.Nd2 Bxc3 7.bxc3 h6 8.Bh4 d6
9.e3 Nbd7 10.f3 Qe7 11.Bd3 e5 12.Qe2 O-O-O 13.a4 a5 14.e4 Nf8 15.Bf2 Ne6
16.g3 Nd7 17.c5 dxc5 18.d5 Ng5 19.h4 Nh7 20.Bb5 f5 21.Nc4 fxe4 22.fxe4 Qf6
23.Rb1 Rhf8 24.O-O Qf3 25.Qxf3 Rxf3 26.Bxd7+ Rxd7 27.Nxe5 Rxc3 28.Nxd7 Kxd7
29.Be1 Re3 30.Rf7+ Kc8 31.Rxg7 Nf6 32.Bd2 Rxe4 33.d6 cxd6 34.Rxb6 Bd5 35.Rxd6 Ne8
36.Rxd5 Nxg7 37.Rxc5+ Kb7 38.Bxh6 Ne6 39.Rxa5 Nd4 40.Bf4 Kb6 41.Ra8 Re2 42.h5 Nf3+
43.Kf1 Rh2 44.h6 Kb7 45.Rf8 Rh5 46.Rf7+ Ka6 47.h7 Nh2+ 48.Kg2 Ng4 49.Rg7  1-0

[Event "14th Chigorin Mem B"]
[Site "St-Petersburg RUS"]
[Date "2006.10.28"]
[Round "7"]
[White "Lupik,M"]
[Black "Sariyev,R"]
[Result "1-0"]
[WhiteElo "2224"]
[BlackElo "1927"]

1.d4 Nf6 2.c4 e6 3.Nf3 b6 4.Nc3 Bb7 5.a3 d5 6.Bg5 Be7 7.e3 h6 8.Bxf6 Bxf6
9.cxd5 exd5 10.Bd3 O-O 11.O-O Re8 12.Rc1 a6 13.Qb3 Qd6 14.Rc2 Nd7 15.Na4 c5
16.dxc5 bxc5 17.Bf5 Bc6 18.Bxd7 Reb8 19.Qd3 c4 20.Qd2 Qxd7 21.Nc3 Rb3 22.Ne2 Rd3
23.Qc1 Ba4 24.Rd2 Rb8 25.Nfd4 Bxd4 26.Nxd4 Rxd2 27.Qxd2 g6 28.Re1 Qb7 29.Re2 Qc7
30.Qc3 Qd7 31.h3 Qd6 32.Rd2 Qd7 33.Qa5 Bb5 34.Nf3 Qd6 35.e4 d4 36.Rxd4 Qf4
37.Qd2 Qc7 38.Qxh6 c3 39.bxc3 Be2 40.Rb4 Bxf3 41.gxf3 Rxb4 42.cxb4 Qe5 43.Qe3 Qb2
44.Kg2 Qa1 45.Qd3 Qc1 46.Qd8+ Kg7 47.a4 f6 48.Qe7+  1-0

[Event "14th Chigorin Mem"]
[Site "St-Petersburg RUS"]
[Date "2006.10.29"]
[Round "8"]
[White "Shimanov,A"]
[Black "Anisimov,P"]
[Result "1/2-1/2"]
[WhiteElo "2389"]
[BlackElo "2527"]

1.d4 Nf6 2.Nf3 e6 3.c4 b6 4.Nc3 Bb7 5.g3 d5 6.cxd5 exd5 7.Bg2 Be7 8.O-O O-O
9.Bf4 Nh5 10.Be3 Nd7 11.Rc1 Nhf6 12.Bf4 c6 13.a3 Re8 14.b4 a5 15.Qb3 axb4
16.axb4 Nh5 17.Bd2 Bd6  1/2-1/2

[Event "Open A"]
[Site "Le Touquet FRA"]
[Date "2006.10.30"]
[Round "4"]
[White "Roeder,M"]
[Black "Mastalerz,X"]
[Result "1-0"]
[WhiteElo "2456"]
[BlackElo "1919"]

1.Nf3 Nf6 2.c4 e6 3.d4 b6 4.Nc3 Bb4 5.Bg5 Bb7 6.e3 O-O 7.Bd3 h6 8.Bh4 c5
9.a3 Bxc3+ 10.bxc3 d6 11.O-O Nbd7 12.Nd2 Qc7 13.e4 cxd4 14.cxd4 e5 15.Re1 Rfe8
16.f3 Nh7 17.Bf1 Nhf8 18.Nb3 Ng6 19.Bf2 Rad8 20.Qd2 Nf6 21.a4 Nf4 22.a5 Ne6
23.Qb4 exd4 24.Nxd4 Qc5 25.Qd2 Qe5 26.Nxe6 fxe6 27.axb6 axb6 28.Bxb6 Ra8
29.Bd4 Qh5 30.Rxa8 Rxa8 31.Bxf6  1-0

[Event "Open A"]
[Site "Le Touquet FRA"]
[Date "2006.10.31"]
[Round "5"]
[White "Murey,J"]
[Black "Gervasio,R"]
[Result "1-0"]
[WhiteElo "2487"]
[BlackElo "2292"]

1.d4 Nf6 2.c4 e6 3.Nf3 b6 4.Nc3 Bb7 5.Bf4 Bb4 6.Qb3 a5 7.Rd1 O-O 8.a3 Bxc3+
9.Qxc3 d6 10.h3 a4 11.e3 b5 12.Bg5 bxc4 13.Bxc4 Ne4 14.Bxd8 Nxc3 15.bxc3 Rxd8
16.O-O Nd7 17.Nd2 d5 18.Rb1 Rdb8 19.Bb5 c6 20.Be2 Bc8 21.Rfc1 c5 22.Bb5 Kf8
23.Bc6 Ra7 24.Rb5 Rxb5 25.Bxb5 c4 26.Rb1 Ke7 27.Rb4 Nb6 28.Bc6 Ra6 29.e4 Kd6
30.Bb5 Ra7 31.Be8 Na8 32.f3 Bd7 33.Bxf7 Nc7 34.Bg8 Nb5 35.Nb1 h6 36.Bh7 Bc6
37.e5+ Kc7 38.Bc2 Kd7 39.f4 Ke7 40.Kf2 Ra8 41.Ke3 Ra7 42.g4 Bd7 43.Rxa4 Rxa4
44.Bxa4 Nxa3 45.Nxa3 Bxa4 46.f5 Kf7 47.fxe6+ Kxe6 48.Kd2 g5 49.Nc2 Be8 50.Ne3 Bg6
51.Kc1 Be4 52.Kb2 Kd7 53.Ka3 Kc6 54.Kb4 Bd3 55.Ka5 Be4 56.Ka6 Bg6 57.Ka7 Bf7
58.Nf5 Be6 59.Ng7 Bg8 60.Kb8 Kb5 61.e6 Ka4 62.e7 Bf7 63.Kc7 Kb3 64.Kd6 Kxc3
65.Ke5 Kd2 66.Kf6 Be8 67.Nxe8 c3 68.Nd6 c2 69.e8=Q c1=Q 70.Nf5 Qc3 71.Qe3+ Qxe3
72.Nxe3 Kxe3 73.Ke5 Kf3 74.Kxd5 Kg3 75.Ke4 Kxh3 76.d5  1-0

[Event "Petersburg Autumn"]
[Site "St Petersburg RUS"]
[Date "2006.11.01"]
[Round "2"]
[White "Karasev,V"]
[Black "Klobukov,S"]
[Result "1-0"]
[WhiteElo "2378"]
[BlackElo "1988"]

1.Nf3 Nf6 2.c4 b6 3.d4 e6 4.Nc3 Bb4 5.Bg5 Bb7 6.e3 h6 7.Bh4 Bxc3+ 8.bxc3 d6
9.Nd2 c5 10.a4 a5 11.f3 Nbd7 12.Bd3 Qe7 13.O-O e5 14.d5 g5 15.Bf2 Kd8 16.Bf5 Kc7
17.Rb1 Ba6 18.Rb2 Rab8 19.Qc2 Rhg8 20.Kh1 Nf8 21.Rfb1 N8d7 22.Qd3 g4 23.Bh4 Qe8
24.f4 Nh5 25.Bxd7 Qxd7 26.fxe5 dxe5 27.d6+ Qxd6 28.Qxd6+ Kxd6 29.Rxb6+ Kc7
30.Rxa6 Rxb1+ 31.Nxb1 Rb8 32.Nd2 Rb2 33.Nf1 Rc2 34.Rxh6 Ng7 35.Rf6 Ne8 36.Rxf7+ Kc6
37.Bg3 Rxc3 38.Bxe5 Rxc4 39.Re7 Nd6 40.Bf4 Rxa4 41.Re6 c4 42.Rxd6+ Kc5 43.Rd1 c3
44.Be5 Rc4 45.Rc1 Kb4 46.e4 Kb3 47.Bxc3 Rxc3 48.Rxc3+ Kxc3 49.e5  1-0

[Event "Petersburg Autumn"]
[Site "St Petersburg RUS"]
[Date "2006.11.01"]
[Round "2"]
[White "Zuttis,S"]
[Black "Ermolov,V"]
[Result "0-1"]
[WhiteElo "2039"]
[BlackElo "2171"]

1.d4 Nf6 2.c4 e6 3.Nf3 b6 4.Nc3 Bb4 5.a3 Bxc3+ 6.bxc3 O-O 7.e3 d6 8.Qc2 Re8
9.Be2 e5 10.d5 Nbd7 11.a4 a5 12.O-O Nf8 13.e4 h6 14.Be3 Ng6 15.Bd3 Ng4 16.Bd2 Nf4
17.Bxf4 exf4 18.h3 Ne5 19.Qe2 Qf6 20.Nd4 Bxh3 21.f3 Bd7 22.Rf2 Ng6  0-1

[Event "Petersburg Autumn"]
[Site "St Petersburg RUS"]
[Date "2006.11.02"]
[Round "3"]
[White "Kuzmin,Yuriy"]
[Black "Kryschilovskij,A"]
[Result "0-1"]
[WhiteElo "2126"]
[BlackElo "2339"]

1.d4 Nf6 2.c4 e6 3.Nf3 b6 4.Nc3 Bb7 5.Qc2 Bb4 6.a3 Bxc3+ 7.Qxc3 h6 8.e3 d6
9.Be2 Nbd7 10.b4 O-O 11.O-O Be4 12.Nd2 Bg6 13.f4 Ne4 14.Nxe4 Bxe4 15.Bb2 Qf6
16.Rac1 Qg6 17.Bf3 d5 18.cxd5 exd5 19.Qxc7 Nf6 20.Kh1 Rfe8 21.Qc6 Rad8 22.Rc3 h5
23.Qb5 Rc8 24.Bxe4 Qxe4 25.Rxc8 Rxc8 26.Rc1 Rc2  0-1

[Event "Petersburg Autumn"]
[Site "St Petersburg RUS"]
[Date "2006.11.02"]
[Round "3"]
[White "Nikolaev,V RUS"]
[Black "Sinajskij,A"]
[Result "1-0"]
[WhiteElo "2255"]
[BlackElo "2114"]

1.d4 e6 2.Nf3 Nf6 3.c4 b6 4.Nc3 Bb7 5.Qc2 c5 6.dxc5 bxc5 7.Bg5 Be7 8.e3 Nc6
9.a3 a6 10.Rd1 Qc7 11.Be2 h6 12.Bh4 O-O 13.O-O d6 14.Rd2 Rad8 15.Rfd1 Nb8
16.Ne1 Nbd7 17.Bg3 Nb6 18.a4 Ne8 19.b3 f5 20.Nd3 e5 21.f3 Nf6 22.Ne1 g6 23.Bh4 Kh8
24.Bxf6+ Bxf6 25.e4 Bg5 26.Rd3 h5 27.a5 Nc8 28.Qa2 Ne7 29.Nd5 Bxd5 30.cxd5 Rb8
31.Rc3 Rb4 32.Bc4 Ng8 33.Ra1 Nf6 34.Qe2 Qa7 35.Nc2 Rb7 36.Kh1 fxe4 37.fxe4 Ng4
38.Rf3 Rbf7 39.Raf1 Rf4 40.h3 Nf6 41.Rxf4 Bxf4 42.Ne1 Qc7 43.Nd3 Qxa5 44.Nxf4 exf4
45.e5 dxe5 46.Qxe5 Qd8 47.Rxf4 Kh7 48.d6 Nd7 49.Rxf8 Qxf8 50.Qe7+ Qg7 51.Bxa6 Ne5
52.Bb5 Kh6 53.Qe6 Nf7 54.Qe3+ Kh7 55.Qxc5 Qa1+ 56.Kh2 Qe1 57.Qd5 Ne5 58.Qd4 h4
59.Qf4 Kg7 60.d7 Nf7 61.Bc4 Nd8 62.Bd5 Qe7 63.Qd4+ Kh7 64.Bf3 Qg5 65.Qd6 Nf7
66.Qc7 Kh6 67.Bg4 Ne5 68.d8=Q Qf4+ 69.Kg1 Qe3+ 70.Kf1 Qf4+ 71.Ke1 Nd3+ 72.Ke2 Qe4+
73.Kd2  1-0

[Event "Petersburg Autumn"]
[Site "St Petersburg RUS"]
[Date "2006.11.03"]
[Round "4"]
[White "Churkin,V"]
[Black "Ermolov,V"]
[Result "1-0"]
[WhiteElo "2309"]
[BlackElo "2171"]

1.d4 Nf6 2.c4 e6 3.Nf3 b6 4.Nc3 Bb4 5.Bg5 h6 6.Bh4 c5 7.e3 O-O 8.Bd3 Bb7
9.O-O Bxc3 10.bxc3 d6 11.Nd2 Nbd7 12.a4 a5 13.Rb1 Re8 14.Ne4 Bxe4 15.Bxe4 Rb8
16.Bf3 e5 17.Bd5 Qe7 18.dxe5 dxe5 19.e4 g5 20.Bg3 Kg7 21.Rb2 Rbd8 22.Qf3 Nxd5
23.cxd5 Qf6 24.Qe2 Qd6 25.f3 Rc8 26.c4 f6 27.Rfb1 Rb8 28.Be1 Kg6 29.Bc3 h5
30.g3 Rh8 31.Be1 Kf7 32.Qe3 Rbe8 33.Rg2 Reg8 34.Rgb2 Rb8 35.Kf1 Rbg8 36.Ke2 g4
37.Kd3 Ke7 38.Rg2 Rf8 39.Rf2 Kd8 40.h3 Rfg8 41.fxg4 hxg4 42.h4 Rh5 43.Bc3 Kc7
44.Rbf1 Rh7 45.Kc2 Kb7 46.Rf5 Ka6 47.Bd2 Rgh8 48.Qb3 Ka7 49.Rb1 Rb8 50.Qb5 Qc7
51.h5 Rf7 52.Rh1 Nf8 53.Rh4 Rd8 54.Rxg4 Rg7 55.Rxg7 Qxg7 56.Qc6 Qg4 57.Rxf6 Qxe4+
58.Kd1 Qg4+ 59.Kc2 Qxc4+ 60.Kb2 Nd7 61.Rf7 Qe2 62.Rxd7+ Rxd7 63.Qxd7+ Kb8
64.Kc2 Qc4+ 65.Bc3 Qa2+ 66.Kd3 c4+ 67.Ke3 Qb3 68.Qe8+ Ka7 69.Qxe5 Qxa4 70.d6 Qd1
71.Bd4  1-0

[Event "TCh-AUT 2006-7"]
[Site "Graz AUT"]
[Date "2006.11.04"]
[Round "2"]
[White "Horvath,P1"]
[Black "Ragger,M"]
[Result "1/2-1/2"]
[WhiteElo "2451"]
[BlackElo "2476"]

1.d4 Nf6 2.Nf3 e6 3.c4 b6 4.Nc3 Bb7 5.Bg5 h6 6.Bh4 Be7 7.Qc2 c5 8.dxc5 bxc5
9.e3 d6 10.Rd1 O-O 11.Be2 Nbd7 12.O-O Qb6 13.Rd2 Rfd8 14.Rfd1 Nf8 15.h3 Rd7
16.Ne1 Rad8 17.Bf3 Ng6  1/2-1/2

[Event "TCh-AUT 2006-7"]
[Site "Graz AUT"]
[Date "2006.11.04"]
[Round "2"]
[White "Bunzmann,D"]
[Black "Bachler,R"]
[Result "1/2-1/2"]
[WhiteElo "2530"]
[BlackElo "2274"]

1.c4 e6 2.d4 Nf6 3.Nf3 b6 4.Nc3 Bb7 5.g3 Bb4 6.Bg2 Bxc3+ 7.bxc3 Be4 8.O-O O-O
9.Re1 Nc6 10.Bf1 h6 11.Nd2 Bh7 12.Bg2 Rb8 13.Qa4 Na5 14.Nb3 Bc2 15.Bf4 d5
16.Rac1 Bxb3 17.axb3 dxc4 18.bxc4 Rc8 19.c5 Qe8 20.Qa2 Qd7 21.Red1 g5 22.Bd2 Qb5
23.c4 Qb3 24.Qc2 Qxc2 25.Rxc2 Nb3 26.Bc3 Rfd8 27.c6 e5 28.d5 Re8 29.f4 Ng4
30.Bxe5 Nxe5 31.fxe5 Rxe5 32.Bh3 f5 33.d6 cxd6 34.Rxd6 Rc5 35.Bg2 Na5 36.Bd5+ Kg7
37.e4 Nxc6 38.exf5 Nb4 39.Rd7+ Kh8 40.Re2 Nxd5 41.cxd5 R5c7 42.Ree7 Rxd7
43.Rxd7 a5 44.Rb7 Ra8 45.d6 Kg8 46.d7 Rd8 47.Rxb6 Rxd7 48.Rxh6 Ra7 49.f6 Ra8
50.Rg6+ Kf7 51.Rxg5 a4 52.Rf5  1/2-1/2

[Event "Petersburg Autumn"]
[Site "St Petersburg RUS"]
[Date "2006.11.05"]
[Round "6"]
[White "Kryschilovskij,A"]
[Black "Korennoi,V"]
[Result "1-0"]
[WhiteElo "2339"]
[BlackElo "2199"]

1.d4 Nf6 2.c4 e6 3.Nf3 b6 4.Nc3 Ba6 5.e4 d5 6.cxd5 Bxf1 7.Kxf1 exd5 8.Qb3 Be7
9.e5 Nfd7 10.Qxd5 c6 11.Qe4 O-O 12.h4 Re8 13.Rh3 Nf8 14.Rg3 Qd7 15.Bh6 Ne6
16.Qg4 Bf8 17.Ne4 Kh8 18.Nf6 Qd8 19.Nxe8 Qxe8 20.Ng5 Nd8 21.Qe4 g6 22.Bxf8 Qxf8
23.Rf3 Qe7 24.Qf4 Kg8 25.Qf6 Qxf6 26.Rxf6 Nd7 27.Rd6 Nf8 28.Rc1 h6 29.Ne4 Nfe6
30.g3 Kf8 31.Rd7 Kg7 32.f4 a5 33.Kf2 a4 34.Ke3 h5 35.Ng5 Nf8 36.Rd6 b5 37.d5 cxd5
38.Rc7 d4+ 39.Kxd4 Kg8 40.Ke3 Rb8 41.Ra6 Nfe6 42.Nxe6 Nxe6 43.Rca7 Nc5 44.Rc6 Ne6
45.Rd6 Ng7 46.Rdd7 Nf5+ 47.Kf2 Nh6 48.Ke2 Rc8 49.Rac7 Ra8 50.Kd3 Ra6 51.Kc3 b4+
52.Kxb4 Rb6+ 53.Kxa4 Rxb2 54.e6 Rxa2+ 55.Kb3 Ra8 56.e7  1-0

[Event "10th OIBM"]
[Site "Bad Wiessee GER"]
[Date "2006.11.07"]
[Round "4"]
[White "Zysk,R"]
[Black "Sokolov,And1"]
[Result "1/2-1/2"]
[WhiteElo "2468"]
[BlackElo "2572"]

1.Nf3 Nf6 2.c4 e6 3.d4 b6 4.Nc3 Bb4 5.Bg5 Bb7 6.Nd2 h6 7.Bh4 c5 8.a3 cxd4
9.axb4 dxc3 10.bxc3 d6 11.e3 Nbd7 12.Be2 O-O 13.O-O Qc7 14.Qb3 a5 15.Rfd1 Rfc8
16.Bg3 e5 17.f3 d5 18.Rac1 Ba6 19.b5 Bb7 20.cxd5 Bxd5 21.c4 Be6 22.Qb2 a4
23.Nb1 Qc5 24.Qa3 e4 25.Qxc5 Nxc5 26.Na3 Nb3 27.Rb1 Ra7 28.Rd6 Rd7 29.Rxb6 Rd2
30.Re1 Ra2 31.Bd6 Nd7 32.Rc6 Ndc5 33.Rxc8+ Bxc8 34.Nb1 Nd3 35.Bxd3 exd3 36.Rd1 d2
37.Bb4 Rc2 38.Nxd2 Nxd2 39.Rxd2 Rxc4 40.Rb2 g5 41.Kf2 g4 42.e4 gxf3 43.gxf3 f5
44.exf5 Kf7 45.b6 Bb7 46.Bd2 h5 47.Ke3 Rc5 48.f4 Rxf5 49.Bc3 Ke6 50.Be5 Kd5
51.Rb4 Kc5 52.Rxa4 Kxb6 53.Rb4+ Kc6 54.Rd4 Kc5 55.Rd7 Bc6 56.Rh7 Kd5 57.Rh6 Kc5
58.h4 Kd5 59.Rg6 Kc5 60.Rg8 Kd5 61.Rd8+ Kc5 62.Rd6 Bd5 63.Rh6 Bc6 64.Kd3 Bf3
65.Bd4+ Kd5 66.Ke3 Bg4 67.Be5 Rf7 68.Rd6+ Kc5 69.Rg6 Kd5 70.Rg5 Rf5 71.Rxf5  1/2-1/2

[Event "10th OIBM"]
[Site "Bad Wiessee GER"]
[Date "2006.11.08"]
[Round "5"]
[White "Hoffmann,Mi1"]
[Black "Graf,F"]
[Result "1-0"]
[WhiteElo "2477"]
[BlackElo "2207"]

1.c4 Nf6 2.Nf3 e6 3.d4 b6 4.Nc3 Bb4 5.Qc2 Bb7 6.a3 Be4 7.Qb3 Bxc3+ 8.Qxc3 O-O
9.e3 d6 10.Be2 Nbd7 11.O-O c5 12.b4 Qc7 13.Bb2 cxd4 14.Qxd4 e5 15.Qd2 Bb7
16.Rfd1 Ne4 17.Qd3 Ndf6 18.Ne1 Rad8 19.f3 Ng5 20.e4 Nh5 21.Bf1 f5 22.exf5 Nf4
23.Qe3 Rxf5 24.Rd2 e4 25.h4 Nfh3+ 26.gxh3 Nxf3+ 27.Nxf3 Rxf3 28.Qg5 d5 29.Bg2 Rf7
30.cxd5 h6 31.Qe5 Qd7 32.Qxe4 Re8 33.Qg4 Qe7 34.Qg3  1-0

[Event "IV Final Russian Cup Women"]
[Site "Moscow RUS"]
[Date "2006.11.09"]
[Round "2"]
[White "Lupik,M"]
[Black "Zdebskaja,N"]
[Result "1/2-1/2"]
[WhiteElo "2224"]
[BlackElo "2343"]

1.d4 Nf6 2.Nf3 e6 3.c4 b6 4.Nc3 Bb7 5.a3 d5 6.cxd5 Nxd5 7.Bd2 Nf6 8.Bg5 Be7
9.e3 h6 10.Bh4 Nbd7 11.Be2 O-O 12.O-O c5 13.Rc1 Rc8 14.Qb3 cxd4 15.exd4 Nd5
16.Bg3 N7f6 17.Ne5 Nxc3 18.bxc3 Ne4 19.Rfd1 Nxg3 20.hxg3 Qd6 21.c4 Rc7 22.a4 Rd8
23.Bf3 Bxf3 24.gxf3 Qb4 25.Qa2 Bf6 26.Rb1 Qe7 27.f4 Bxe5 28.fxe5 Rdc8 29.a5 Rxc4
30.axb6 axb6 31.Rxb6 Qd8 32.Rd6 Qg5 33.Qd2 Qh5 34.Kg2 Rc3 35.Re1 Qf3+ 36.Kg1 Rc2
37.Qe3 R8c3 38.Qxf3 Rxf3 39.Rf1 Rd2 40.Kg2 Rfd3 41.Rc1 Rxd4 42.Rxd4 Rxd4
43.Kf3 Kh7 44.Ke3 Ra4 45.Rc7 Kg6 46.f3 h5 47.Rb7 Ra8 48.f4 Ra3+ 49.Kf2 f6
50.Re7 Ra6 51.exf6 gxf6 52.Kf3 Ra3+ 53.Kg2 Ra2+ 54.Kf3 Kf5 55.Rh7 Rh2 56.Rh8 Kg6  1/2-1/2

[Event "RGSU GM"]
[Site "Moscow RUS"]
[Date "2006.11.09"]
[Round "4"]
[White "Nebolsina,V"]
[Black "Prosviriakov,V"]
[Result "1/2-1/2"]
[WhiteElo "2349"]
[BlackElo "2346"]

1.d4 Nf6 2.c4 e6 3.Nf3 b6 4.Nc3 Bb7 5.Bg5 h6 6.Bh4 g5 7.Bg3 Nh5 8.e3 Nxg3
9.hxg3 Bg7 10.Bd3 d6 11.Qc2 Nd7 12.Be4 c6 13.d5 cxd5 14.cxd5 e5 15.Rc1 Rc8
16.Qa4 O-O 17.Bf5 Nc5 18.Qg4 e4 19.Bxe4 Nxe4 20.Qxe4 Ba6 21.Rh5 Re8 22.Qf5 Rc7
23.Kd2 Bc8 24.Qd3 Qf6 25.Rf1 Bf5 26.Qb5 Rec8 27.Nd4 Qg6 28.Nxf5 Qxf5 29.Qd3 Qg4
30.Rhh1 Rc4 31.Rc1 R8c5  1/2-1/2

[Event "10th OIBM"]
[Site "Bad Wiessee GER"]
[Date "2006.11.12"]
[Round "9"]
[White "Hein,E"]
[Black "Cocchi,A"]
[Result "1/2-1/2"]
[WhiteElo "2179"]
[BlackElo "2334"]

1.d4 Nf6 2.Nf3 b6 3.c4 e6 4.Nc3 Bb7 5.e3 Be7 6.Be2 O-O 7.O-O d5 8.b3 Nbd7
9.Bb2 c5 10.cxd5 Nxd5 11.Nxd5 Bxd5 12.dxc5 Nxc5 13.Rc1 Bf6 14.Bxf6 Qxf6 15.Qd4 a5
16.Qxf6 gxf6 17.Nd4 Rac8 18.f3 Rfd8 19.Bb5 Bb7 20.Rfd1 Kf8 21.Kf1 Ke7 22.Ke2 Rc7
23.Rc2 Rg8 24.Kf1 Rgc8  1/2-1/2

[Event "RGSU GM"]
[Site "Moscow RUS"]
[Date "2006.11.15"]
[Round "10"]
[White "Nebolsina,V"]
[Black "Kunin,V"]
[Result "1/2-1/2"]
[WhiteElo "2349"]
[BlackElo "2492"]

1.d4 Nf6 2.Nf3 e6 3.c4 b6 4.Nc3 Bb7 5.Bg5 Be7 6.e3 h6 7.Bh4 d6 8.Bd3 g5 9.Bg3 g4
10.Nh4 Rg8 11.h3 Nh5 12.hxg4 Nxg3 13.fxg3 Nd7 14.Qe2 Bg5 15.O-O-O Qe7 16.Nf3 O-O-O
17.Rdf1 Rdf8 18.Be4 c6 19.Nxg5 hxg5 20.Qf3 d5 21.cxd5 exd5 22.Bc2 Kb8 23.Rh7 Rh8
24.Rg7 Rhg8 25.Rh7 Rh8 26.Rg7 Rhg8 27.Rh7  1/2-1/2

[Event "IV Final Russian Cup Women"]
[Site "Moscow RUS"]
[Date "2006.11.19"]
[Round "11"]
[White "Lupik,M"]
[Black "Vasilevich,I"]
[Result "1-0"]
[WhiteElo "2224"]
[BlackElo "2321"]

1.d4 Nf6 2.c4 e6 3.Nf3 b6 4.Nc3 Bb4 5.Bg5 h6 6.Bh4 Bb7 7.Nd2 c5 8.a3 Bxc3
9.bxc3 cxd4 10.cxd4 d5 11.cxd5 Qxd5 12.e3 Nbd7 13.f3 Rc8 14.Qa4 O-O 15.Bc4 Qh5
16.Bf2 a6 17.Qb3 b5 18.Be2 Bd5 19.Qb2 Nb6 20.O-O Na4 21.Qb4 Ba8 22.Qa5 Nd5
23.Rfc1 Ndc3 24.Bf1 Rc6 25.Nb3 Rfc8 26.Nc5 Nd5 27.Nd3 Qg5 28.Rxc6 Rxc6 29.e4 Ndb6
30.Qxa6 Rc2 31.Nb4 Rxf2 32.Kxf2 Qd2+ 33.Kg3 Qxd4 34.Rc1 Qe5+ 35.Kf2 Qd4+
36.Ke1 Nc3 37.Nc2 Qc5 38.Qa5 Bxe4 39.fxe4 Nxe4 40.Bd3 Qf2+ 41.Kd1 Qg1+ 42.Ne1 Nf2+
43.Kd2 Nxd3 44.Kxd3 Qf1+ 45.Kc3 Na4+ 46.Kb3 Qe2 47.Qd8+  1-0

[Event "19th Belgrade Trophy"]
[Site "Belgrade SRB"]
[Date "2006.11.23"]
[Round "2"]
[White "Nikcevic,N"]
[Black "Starcevic,G"]
[Result "1-0"]
[WhiteElo "2449"]
[BlackElo "2244"]

1.d4 Nf6 2.c4 e6 3.Nf3 b6 4.Nc3 Bb7 5.g3 Bb4 6.Bg2 O-O 7.O-O Qc8 8.Qb3 Bxc3
9.Qxc3 d6 10.b3 Nbd7 11.Bb2 Re8 12.Rfd1 a5 13.Bh3 Ne4 14.Qe3 Qd8 15.Ne1 Qg5
16.Qxg5 Nxg5 17.Bf1 f5 18.f3 Nf6 19.Rac1 a4 20.b4 a3 21.Ba1 Ra4 22.b5 Nf7
23.Rc3 c6 24.bxc6 Bxc6 25.Rb1 Nd7 26.Nc2 Rea8 27.Kf2 Kf8 28.e3 Bb7 29.c5 dxc5
30.Bb5 cxd4 31.exd4 Nf6 32.Bxa4 Rxa4 33.Rxb6 Nd8 34.Rxa3 Rc4 35.Rc3 Ra4 36.Nb4 Bd5
37.a3 Ra7 38.Bb2 g5 39.Bc1 Nf7 40.Ra6 Rd7 41.Rc8+ Kg7 42.Nxd5  1-0

[Event "19th Belgrade Trophy"]
[Site "Belgrade SRB"]
[Date "2006.11.27"]
[Round "6"]
[White "Starcevic,G"]
[Black "Radusinovic,L"]
[Result "0-1"]
[WhiteElo "2244"]
[BlackElo "1990"]

1.d4 Nf6 2.c4 e6 3.Nf3 b6 4.Nc3 c5 5.d5 d6 6.e4 e5 7.Bd3 Be7 8.O-O Bg4 9.h3 Bh5
10.a3 O-O 11.Be3 Nbd7 12.b4 a6 13.Rb1 Qc7 14.Rb3 Rfb8 15.Qe2 Qc8 16.g4 Bg6
17.Nh4 cxb4 18.axb4 a5 19.Nf5 Bf8 20.Rfb1 Qd8 21.f3 axb4 22.Rxb4 Nc5 23.Bc2 Bxf5
24.exf5 Nfd7 25.g5 Be7 26.h4 h6 27.Qg2 hxg5 28.hxg5 Ra3 29.Bd2 Rxc3 30.Bxc3 Bxg5
31.Bd2 Bxd2 32.Qxd2 Qh4 33.Kg2 e4 34.Rh1 exf3+ 35.Kg1 Qg3+ 36.Kf1 Re8 37.Qf2 Qxf2+  0-1